LIBRARY & INFORMATION CENTRE, KCAET, TAVANUR

ONLINE PUBLIC ACCESS CATALOGUE (OPAC)

Anthology of modern Indian eloquence / (Record no. 4024)

MARC details
000 -LEADER
fixed length control field 00394cam a2200157ua 4500
041 ## - LANGUAGE CODE
Language code of text/sound track or separate title eng
082 ## - DEWEY DECIMAL CLASSIFICATION NUMBER
Classification number 808.5
Item number PRA/AN
100 ## - MAIN ENTRY--AUTHOR NAME
Personal name Prabhu, R K .
245 ## - TITLE STATEMENT
Title Anthology of modern Indian eloquence /
250 ## - EDITION STATEMENT
Edition statement 1 /
260 ## - PUBLICATION, DISTRIBUTION, ETC. (IMPRINT)
Place of publication Mumbai :
Name of publisher Bharatiya Vidya Bhavan ,
Year of publication 1960.
300 ## - PHYSICAL DESCRIPTION
Number of Pages 258 ; .
942 ## - ADDED ENTRY ELEMENTS (KOHA)
Koha item type Books
Holdings
Withdrawn status Lost status Damaged status Home library Current library Date acquired Full call number Accession Number Koha item type Public note
Withdrawn     KAUAET KAUAET 07/04/2012 808.5 3380 Books Deleted
free website counter